[Event "WY Girls-U14"]
[Site "Porto Carras GRE"]
[Date "2010.10.30"]
[Round "11.12"]
[White "Pachon, Adriana"]
[Black "Kahramanova, Mohinur"]
[Result "1-0"]
[WhiteTitle "WFM"]
[WhiteElo "1923"]
[BlackElo "1811"]
[WhiteFideId "4400690"]
[BlackFideId "14201771"]
[EventDate "2010.10.20"]

1. e4 c5 2. c3 d6 3. d4 cxd4 4. cxd4 Nf6 5. Nc3 Nc6 6. Nf3 Bg4 7. Be2 e6 8. h3
Bh5 9. d5 exd5 10. exd5 Bxf3 11. Bxf3 Ne5 12. O-O Be7 13. Bf4 O-O 14. Re1 Nfd7
15. Be4 f5 16. Bc2 Bg5 17. Bxg5 Qxg5 18. Bb3 Nc5 19. Nb5 Ncd3 20. Re3 f4 21.
Rxd3 f3 22. g3 Nxd3 23. Qxd3 Qh6 24. Kh2 Rae8 25. Nd4 Qh5 26. Ne6 Rf6 27. Rc1 g5
28. Qd4 Rf7 29. Rc3 a6 30. Bd1 Qg6 31. Bxf3 h6 32. Kg2 Rb8 33. Qa7 Re8 34. Qb6
Rd7 35. Rc7 Ree7 36. Rc8+ Re8 37. Rc4 Ree7 38. h4 Re8 39. hxg5 Rf7 40. Be4 Qh5
41. g6 Rfe7 42. Qxd6 Qe2 43. Qb4 a5 44. Qc3 b5 45. Rd4 b4 46. Qd2 Qxd2 47. Rxd2
Rd7 48. Rc2 a4 49. Rc4 Rb8 50. Nc5 Ra7 51. d6 Kg7 52. d7 Kf6 53. Rd4 Ke7 54. Nb7
b3 55. axb3 axb3 56. d8=Q+ Rxd8 57. Nxd8 Kf6 58. Rb4 Rd7 59. Nc6 1-0